00409nam a2200157Ia 4500003000400000008004100004040001600045082001300061100002000074245004400094260004000138300001000178490002600188650001500214650002200229GCL140319s9999 xx 000 0 eng d aGCL / cGCL04a843bD S1 aDELTEIL, JOSEPH10aSUR LE FLEUVE AMOUR / cDELTEIL, JOSEPH a[S.N] : bBERNARD GRASSET ، c1994 a157 P aLES CAHIERS ROUGESv004aLITERATURE04aFRENCH LITERATURE